00322 a2200133 450000100060000002000180000604000220002410000220004624000430006824500380011130000070014936200090015665000230016562326 a9788580443264 cAnchieta - Pituba aPernambuco, Carla10aAs deliciosas férias de Beatrizlpor10aAs deliciosas férias de Beatriz a560 a2012 4aLiteratura juvenil